| 000 | 00461nam a22001577a 4500 | ||
|---|---|---|---|
| 003 | OSt | ||
| 008 | 260423b |||||||| |||| 00| 0 eng d | ||
| 082 |
_a635.656 _bK98I |
||
| 100 | _aKushwah, Sunita | ||
| 245 | _aInheritance of Resistance to Powdery Mildew (Erysiphe Polygni DC.) and Heterosis in Pea (Pisum Sativum L.) | ||
| 260 |
_aPusa, Samastipur _bRAU, Sabour _c2005 |
||
| 300 | _a92P. | ||
| 502 |
_bMsc. _d2005 |
||
| 650 | _aHorticulture | ||
| 942 |
_2ddc _cT |
||
| 999 |
_c50116 _d50116 |
||